000 00650nam a2200205 a 4500
005 20240215063836.0
008 040123s20002008mx r 000 0 spa d
020 _a9682447666
035 _aUPN01000131472
049 _aCG
050 4 _aHD30.28
_bR6.2
100 1 _aRodríguez Valencia, Joaquín
_939735
245 1 0 _aAdministración con enfoque estratégico /
_cJoaquín Rodríguez Valencia.
260 _aMéxico :
_bTrillas,
_c2000 (reimp. 2008).
300 _a283 p. :
_bcuadros, gráfs., il.
650 4 _aPlanificación empresarial
_9497
650 4 _aPlanificación estratégica
_91106
650 4 _aAdministración
_928
905 _aLibro
999 _c103627
_d103627